000
00228nam a22000977a 4500
040
_c
SCME
100
_a
Go lei
_9
91445
245
_a
Contemporary chinese society basic systems and daily life
300
_a
241p.
942
_2
ddc
_c
BK
999
_c
589559
_d
589559